000
00309nam a22001337a 4500
008
181030b xxu||||| |||| 00| 0 eng d
020
_a
2900763700675
041
_a
eng
080
_2
7th
_a
579
100
_a
11
101
_a
MIK
245
_a
Fundamentals of Microbiology
_c
Pommerville,J.C
942
_2
udc
_c
BK
999
_c
51071
_d
51071